[Event "URS Spartakiad"]
[Site "URS"]
[Date "1979.??.??"]
[Round "?"]
[White "Akopian, Artak"]
[Black "Zitserman, Tatyana"]
[Result "0-1"]
[WhiteElo "2000"]
[BlackElo "2000"]

1.d4 Nf6 2.c4 e6 3.Nf3 b6 4.a3 a5 5.Nc3 Bb7 6.Bf4 Be7 7.d5 Nh5 8.Bd2 O-O
9.e4 g6 10.Be2 Na6 11.Rb1 Ng7 12.O-O d6 13.b4 axb4 14.axb4 e5 15.Ne1 f5 16.f4 Bf6
17.exf5 Nxf5 18.Ne4 Bg7 19.fxe5 Bxe5 20.Nf3 Qe7 21.Bd3 Bg7 22.Bg5 Qd7 23.Bc2 h6
24.Ba4 c6 25.Bf4 b5 26.cxb5 cxb5 27.Bc2 Nc7 28.Bb3 Rae8 29.Qd3 g5 30.Bd2 g4
31.Ne1 Rxe4 32.Qxe4 Bd4+ 33.Rf2 Bxf2+ 34.Kxf2 Nd4+ 35.Kg1 Nxb3 36.Rxb3 Bxd5
37.Qg6+ Qg7 38.Qxg7+ Kxg7 39.Bc3+ Kg6 40.Rb2 Bc4 41.Rf2 Rxf2 42.Kxf2 Kf5
43.Bg7 h5 44.Nc2 Ke4 45.Nd4 Nd5 46.Nc6 Ne3 47.Nd4 h4 48.Bf6 g3+  0-1

[Event "Politiken Cup"]
[Site "Copenhagen"]
[Date "1980.??.??"]
[Round "2"]
[White "Jakobsen, Ole"]
[Black "Fries Nielsen, Jens Ove"]
[Result "1/2-1/2"]
[WhiteElo "2410"]
[BlackElo "2355"]

1.d4 Nf6 2.c4 e6 3.Nf3 b6 4.a3 Bb7 5.Nc3 d5 6.cxd5 exd5 7.Bf4 Bd6 8.Bxd6 Qxd6
9.Rc1 a6 10.g3 O-O 11.Bg2 Nbd7 12.O-O Rfe8 13.e3 c5 14.dxc5 bxc5 15.Nd2 Rad8
16.Na4 Ba8 17.Re1 Qe7 18.Nb3 Ne4 19.f3 Nd6 20.Nbxc5 Nxc5 21.Nxc5 Nc4 22.Qd4 a5
23.Kf2 Rb8 24.b3 Nxa3 25.Qc3 Qa7 26.Bh3 Re7 27.Na4  1/2-1/2

[Event "Politiken Cup"]
[Site "Copenhagen"]
[Date "1980.??.??"]
[Round "5"]
[White "Ravikumar, Vaidyanathan"]
[Black "Pokojowczyk, Jerzy"]
[Result "0-1"]
[WhiteElo "2305"]
[BlackElo "2380"]

1.d4 Nf6 2.c4 e6 3.Nf3 b6 4.a3 c5 5.e3 Bb7 6.Nc3 cxd4 7.exd4 d6 8.Bd3 Be7
9.O-O O-O 10.Re1 Nbd7 11.b4 Re8 12.Bb2 Bf8 13.Rc1 a6 14.d5 e5 15.Nd2 g6 16.Bf1 Nh5
17.Nb3 f5 18.a4 Nhf6 19.a5 Rb8 20.Ba3 Ba8 21.h3 Qc7 22.axb6 Nxb6 23.Na5 Rec8
24.Qd2 Nbd7 25.Qa2 Kh8 26.Rc2 g5 27.Rb2 g4 28.hxg4 Nxg4 29.Rb3 Qd8 30.Nd1 Qg5
31.Rh3 Ndf6 32.f3 Nh6 33.Qf2 Nf7 34.Nc3 Qg6 35.Rh1 Bh6 36.b5 Bf4 37.Rb1 Qg5
38.Nd1 axb5 39.Qa7 Qg8 40.Rxb5 Rxb5 41.cxb5 Ng5 42.Be2  0-1

[Event "Esbjerg+"]
[Site "Esbjerg"]
[Date "1980.??.??"]
[Round "?"]
[White "Jakobsen, Ole"]
[Black "Darga, Klaus"]
[Result "1/2-1/2"]
[WhiteElo "2410"]
[BlackElo "2495"]

1.d4 Nf6 2.c4 e6 3.Nf3 b6 4.a3 Bb7 5.Nc3 d5 6.cxd5 exd5 7.Bf4 Be7 8.Rc1 c6
9.h3 O-O 10.e3 Bd6 11.Bxd6 Qxd6 12.Bd3 Nbd7 13.O-O c5 14.Re1 Rfd8 15.dxc5 bxc5
16.e4 dxe4 17.Nxe4 Qb6 18.Qc2 Bxe4 19.Bxe4 Rab8 20.Re2 Re8 21.Rce1 Nxe4 22.Rxe4 Rxe4
23.Rxe4 Nf8 24.h4  1/2-1/2

[Event "Esbjerg+"]
[Site "Esbjerg"]
[Date "1980.??.??"]
[Round "?"]
[White "Darga, Klaus"]
[Black "Csom, Istvan"]
[Result "1/2-1/2"]
[WhiteElo "2495"]
[BlackElo "2510"]

1.d4 Nf6 2.c4 e6 3.Nf3 b6 4.a3 c5 5.e3 Bb7 6.Nc3 cxd4 7.exd4 d6 8.d5 e5 9.Be2 Be7
10.O-O O-O 11.Ne1 Nbd7 12.b4 a6 13.Qb3 Qc7 14.Bd2 Rfe8 15.Nc2 Bf8 16.a4 a5
17.Nb5 Qc8 18.Be3 g6 19.Rfd1 axb4 20.Nxb4 Ne4 21.Qc2 Nec5 22.Ra3 Nb8 23.Na2 Qd8
24.Nb4 f5 25.Bf3 Qd7 26.h3 Rc8 27.Qa2 Nba6 28.Nxa6 Rxa6 29.Be2 Rca8 30.Bxc5 bxc5
31.Rb1 Be7 32.Bd1 Bd8 33.g4 Bc8 34.gxf5 Qxf5 35.Bg4 Qg5 36.Rg3 Bxg4 37.Rxg4 Qh5
38.Nc3 Qxh3 39.Rg3 Qh4 40.Rb7 Ba5 41.Qb1 Rf8 42.Rxg6+ Kh8 43.Rgg7 Qxf2+ 44.Kh1 Qh4+
45.Kg1 Qf2+ 46.Kh1 Qf3+ 47.Kh2 Qf2+  1/2-1/2

[Event "FRG-chT"]
[Site "Germany"]
[Date "1980.??.??"]
[Round "?"]
[White "Lau, Ralf"]
[Black "Schmidt, Wolfgang"]
[Result "1-0"]
[WhiteElo "2410"]
[BlackElo "2270"]

1.d4 Nf6 2.Nf3 e6 3.c4 b6 4.a3 Bb7 5.Nc3 d5 6.cxd5 exd5 7.g3 Be7 8.Bg2 O-O
9.O-O Nbd7 10.Bg5 Ne4 11.Bxe7 Qxe7 12.Rc1 c6 13.Ne1 Ndf6 14.Nd3 Rfe8 15.Re1 Qd6
16.Na4 Rac8 17.b4 Ba6 18.Nab2 Rc7 19.Rc2 c5 20.bxc5 bxc5 21.dxc5 Nxc5 22.Nb4 Ne6
23.Rd2 Rec8 24.e4 Rc1 25.Qxc1 Rxc1 26.Rxc1 Bb7 27.Nxd5 Qxa3 28.Rcd1 Qb3 29.Ne7+ Kf8
30.Nf5 Ne8 31.Nd3 g6 32.Ne3 Qa4 33.Rb2 Ba6 34.Nb4 N8c7 35.Nxa6 Nxa6 36.Rbb1 Nac5
37.Ra1 Qb4 38.Rdb1 Qd2 39.Rxa7 Nd3 40.Rf1 Ng5 41.h4 Nxf2 42.Ra8+ Kg7 43.Rxf2 Qe1+
44.Nf1 Nxe4 45.Bxe4  1-0

[Event "Favorite"]
[Site "Hamburg"]
[Date "1980.??.??"]
[Round "12"]
[White "Schussler, Harry"]
[Black "Kordsachia, Tariel"]
[Result "1-0"]
[WhiteElo "2420"]
[BlackElo "2375"]

1.d4 Nf6 2.c4 e6 3.Nf3 b6 4.a3 Bb7 5.Nc3 Be7 6.d5 O-O 7.e4 Ne8 8.Be2 d6 9.dxe6 fxe6
10.Nd4 Rf6 11.Bg4 Rg6 12.Bxe6+ Kh8 13.Bf5 Rf6 14.Ne6 Qd7 15.Nxg7 Qc6 16.Qh5 Kxg7
17.Qxh7+ Kf8 18.Bh6+ Rxh6 19.Qxh6+ Ng7 20.Be6 Ke8 21.Qxg7 Nd7  1-0

[Event "Hillerod op"]
[Site "Hillerod"]
[Date "1980.??.??"]
[Round "?"]
[White "Hartung Nielsen, Jens"]
[Black "Norgaard, Jesper"]
[Result "1/2-1/2"]
[WhiteElo "2200"]
[BlackElo "2200"]

1.Nf3 Nf6 2.d4 b6 3.c4 e6 4.a3 Bb7 5.Nc3 d5 6.cxd5 exd5 7.Bg5 Nbd7 8.g3 Be7
9.Bxf6 Nxf6 10.Bg2 O-O 11.O-O Ne4 12.Rc1 f5 13.Qa4 Bf6 14.e3 Qe7 15.b4 c6
16.Rfd1 Rfd8  1/2-1/2

[Event "Malta ol (Men)"]
[Site "La Valetta"]
[Date "1980.??.??"]
[Round "?"]
[White "Huss, Andreas"]
[Black "Pokojowczyk, Jerzy"]
[Result "0-1"]
[WhiteElo "2350"]
[BlackElo "2380"]

1.d4 Nf6 2.Nf3 e6 3.c4 b6 4.a3 c5 5.d5 exd5 6.cxd5 g6 7.Nc3 Bg7 8.e4 d6 9.Bb5+ Bd7
10.Bxd7+ Nbxd7 11.Bf4 O-O 12.O-O Re8 13.Re1 Qb8 14.Qd3 a6 15.a4 Ng4 16.Rab1 Nge5
17.Nxe5 Nxe5 18.Bxe5 Bxe5 19.b3 Qb7 20.Ne2 b5 21.f4 Bg7 22.Ng3 Qb6 23.Kh1 Qa5
24.axb5 axb5 25.Qf3 Qb4 26.h4 Qd4 27.h5 Ra2 28.Rf1 Rd2 29.Qg4 Rd3 30.f5 Rxg3
31.Qxg3 Rxe4 32.Rf2 Be5 33.Qg5 Qxf2 34.Qd8+ Kg7  0-1

[Event "Malta ol (Men)"]
[Site "La Valetta"]
[Date "1980.??.??"]
[Round "?"]
[White "Ivkov, Borislav"]
[Black "Schneider, Lars Ake"]
[Result "1-0"]
[WhiteElo "2530"]
[BlackElo "2450"]

1.Nf3 Nf6 2.c4 e6 3.d4 b6 4.a3 d5 5.Nc3 Be7 6.Bg5 O-O 7.e3 Bb7 8.Rc1 c5 9.cxd5 cxd4
10.Bxf6 Bxf6 11.Nxd4 Bxd5 12.Nxd5 Qxd5 13.Be2 e5 14.Nb5 Qxd1+ 15.Rxd1 Na6
16.b4 e4 17.O-O Be5 18.Rd7 Rfc8 19.Rfd1 f5 20.Nd6 Rc7 21.Nxf5 Rxd7 22.Rxd7 Nc7
23.Ne7+  1-0

[Event "Malta ol (Men)"]
[Site "La Valetta"]
[Date "1980.??.??"]
[Round "?"]
[White "Schussler, Harry"]
[Black "Liang Jinrong"]
[Result "1-0"]
[WhiteElo "2420"]
[BlackElo "2200"]

1.d4 Nf6 2.Nf3 e6 3.c4 b6 4.a3 Bb7 5.Nc3 Be7 6.d5 O-O 7.g3 exd5 8.cxd5 Re8
9.Bg2 Bf8 10.O-O Na6 11.Nd4 Nc5 12.Qc2 a5 13.b3 g6 14.Bb2 Bg7 15.Rad1 Qe7
16.Ndb5 d6 17.Rfe1 Ba6 18.e4 Ng4 19.Nd4 Ne5 20.Bf1 Bxf1 21.Rxf1 Qf6 22.Ncb5 Rac8
23.f3 Qe7 24.Kg2 Qd7 25.b4 axb4 26.axb4 Na6 27.Qb3 c6 28.dxc6 Nxc6 29.Nxc6 Rxc6
30.Bxg7 Kxg7 31.Rf2 Qe7 32.Rfd2 Rd8 33.Nd4 Rc7 34.Qa3 Nb8 35.Nb5 Rcd7 36.Qe3 f5
37.Qd4+ Qf6 38.exf5 Nc6 39.Qxf6+ Kxf6 40.fxg6 hxg6 41.Nc3 Nxb4 42.Rb1 Nc6
43.Rxb6 Ne5 44.Ne4+ Ke7 45.Re2 Kf8 46.Nxd6 Rxd6 47.Rxd6 Rxd6 48.Rxe5 Rd2+
49.Kh3 Kf7 50.g4 Kf6 51.Ra5 Rd3 52.Kg3 Rb3 53.h4  1-0

[Event "NLD-ch"]
[Site "Leeuwarden"]
[Date "1980.??.??"]
[Round "7"]
[White "Ligterink, Gert"]
[Black "Scheeren, Peter"]
[Result "1-0"]
[WhiteElo "2455"]
[BlackElo "2360"]

1.d4 Nf6 2.c4 e6 3.Nf3 b6 4.a3 Bb7 5.Nc3 d5 6.cxd5 Nxd5 7.e3 Be7 8.Bb5+ c6
9.Bd3 O-O 10.Bd2 c5 11.Qc2 h6 12.dxc5 Bxc5 13.O-O-O Nd7 14.h4 Be7 15.Nxd5 Bxd5
16.Bc3 Nc5 17.Bh7+ Kh8 18.Ng5 f5 19.Nxe6 Nxe6 20.Bxf5 Nc7 21.e4 Rxf5 22.exf5 Rc8
23.Rhe1 Bf6 24.Bxf6 gxf6 25.Kb1 Qf8 26.g4 Na6 27.Qd3 Bc4 28.Qe3 Nc5 29.g5 Qg8
30.b4 Ba2+ 31.Ka1 Nb3+ 32.Kb2 Qc4 33.Qe8+ Rxe8 34.Rxe8+ Kg7 35.Rd7+ Qf7 36.Rxf7+ Kxf7
37.Ra8  1-0

[Event "NLD-ch"]
[Site "Leeuwarden"]
[Date "1980.??.??"]
[Round "11"]
[White "Ligterink, Gert"]
[Black "Vogel, Jaap"]
[Result "1/2-1/2"]
[WhiteElo "2455"]
[BlackElo "2315"]

1.d4 Nf6 2.c4 e6 3.Nf3 b6 4.a3 Bb7 5.Nc3 d5 6.Bg5 Be7 7.Bxf6 Bxf6 8.cxd5 exd5
9.g3 O-O 10.Bg2 Re8 11.O-O Na6 12.b4 c6 13.Qb3 Nc7 14.Rfd1 Ba6 15.e3 Bc4
16.Qc2 a5 17.bxa5 Rxa5 18.Nd2 b5 19.a4 Qa8 20.Rab1 Qa7 21.Nxc4 bxc4 22.Rb2 Ne6
23.Rdb1 Nxd4 24.exd4 Qxd4 25.Rb8 Ra8 26.Rxa8 Rxa8 27.Nxd5  1/2-1/2

[Event "Makarczyk mem"]
[Site "Lodz"]
[Date "1980.??.??"]
[Round "15"]
[White "Inkiov, Ventzislav"]
[Black "Kojder, Konrad"]
[Result "1-0"]
[WhiteElo "2435"]
[BlackElo "2430"]

1.Nf3 Nf6 2.c4 b6 3.d4 e6 4.a3 Bb7 5.Nc3 d5 6.cxd5 exd5 7.g3 Bd6 8.Bg2 O-O
9.O-O Re8 10.Ne1 Nbd7 11.Nd3 Qe7 12.Bf4 c6 13.Bxd6 Qxd6 14.Rc1 Ne4 15.Re1 Nxc3
16.Rxc3 Nf6 17.Qa4 Nd7 18.Qc2 a5 19.e3 Rac8 20.Rc1 Rc7 21.b4 axb4 22.axb4 Rec8
23.Bh3 f6 24.Nf4 Re8 25.Qa2 Rcc8 26.Qa7 Rb8 27.b5 c5 28.Bxd7 Qxd7 29.dxc5 bxc5
30.Rxc5 d4 31.Rc7 Qxb5 32.Qa2+ Kh8 33.Qf7 Rg8 34.exd4 Be4 35.Qe7 Rbe8 36.Qc5 Qb3
37.Qc3 Qb5 38.d5 Rd8 39.Qd4 Rge8 40.d6 Qb3 41.R7c3 Qb5 42.Re3 Ba8 43.Rxe8+ Qxe8
44.Qe3 Qb5 45.Qe7 Rg8 46.d7 Qb7 47.f3 Qb6+ 48.Kg2 Bb7 49.Rd1  1-0

[Event "Lloyds Bank"]
[Site "London"]
[Date "1980.??.??"]
[Round "3"]
[White "Ligterink, Gert"]
[Black "Plaskett, Jim"]
[Result "1/2-1/2"]
[WhiteElo "2455"]
[BlackElo "2405"]

1.d4 Nf6 2.c4 e6 3.Nf3 b6 4.a3 Bb7 5.Nc3 d5 6.cxd5 exd5 7.Bg5 Be7 8.Bxf6 Bxf6
9.g3 O-O 10.Bg2 Re8 11.O-O Qd6 12.b4 a6 13.Qb3 Nd7 14.Rad1 b5 15.Ne5 Nxe5
16.dxe5 Qxe5 17.Nxd5 Rab8 18.Nxf6+ Qxf6 19.Bxb7 Rxb7 20.Rd7 g6 21.e3 Re7
22.Rd8+ Kg7 23.Rfd1 Rb6 24.R1d4 Rc6 25.Kg2 Ree6 26.h4 Red6 27.R8xd6 Rxd6
28.Rf4 Qe7 29.Qc3+ Kg8 30.h5 g5 31.Rd4 Qd7 32.Rxd6 Qxd6  1/2-1/2

[Event "Lone Pine"]
[Site "Lone Pine"]
[Date "1980.??.??"]
[Round "1"]
[White "Gheorghiu, Florin"]
[Black "Rajkovic, Dusan"]
[Result "1-0"]
[WhiteElo "2605"]
[BlackElo "2495"]

1.d4 Nf6 2.c4 e6 3.Nf3 b6 4.a3 Ba6 5.e3 d5 6.Nbd2 Be7 7.b4 O-O 8.Bb2 Nbd7
9.Qa4 Qc8 10.Rc1 c5 11.Be2 dxc4 12.dxc5 bxc5 13.b5 Bb7 14.Qc2 a6 15.bxa6 Rxa6
16.Nxc4 Be4 17.Bd3 Bxd3 18.Qxd3 Rd8 19.Bxf6 Bxf6 20.Qc2 Nb6 21.Nfd2 Qc6 22.O-O Nxc4
23.Nxc4 g6 24.Rb1 Kg7 25.Rfe1 h5 26.h3 Rd7 27.Rb8 Rb7 28.Rxb7 Qxb7 29.a4 Qb4
30.a5 Ra7 31.Rb1 Qc3 32.Qb3 Qxb3 33.Rxb3 Be7 34.Kf1 Kf6 35.Ke2 g5 36.g4 h4
37.Kd3 Kg7 38.Ke4 Rd7 39.a6 Ra7 40.Rb7 Rxa6 41.Rxe7 Ra4 42.Kd3 Ra2 43.Nd2 Ra1
44.Ke2 Rh1 45.Kf3 Kg6 46.Ne4 c4 47.Re8  1-0

[Event "Lone Pine"]
[Site "Lone Pine"]
[Date "1980.??.??"]
[Round "3"]
[White "Kaufman, Larry C"]
[Black "Balashov, Yuri S"]
[Result "1/2-1/2"]
[WhiteElo "2395"]
[BlackElo "2600"]

1.d4 Nf6 2.c4 e6 3.Nf3 b6 4.a3 Bb7 5.Nc3 d5 6.cxd5 exd5 7.g3 g6 8.Bg2 Bg7
9.O-O O-O 10.Bf4 Nbd7 11.Rc1 c6 12.b4 Re8 13.Qb3 h6 14.Rfd1 a6 15.a4 b5 16.a5 Qe7
17.Re1 g5 18.Bd2 Ne4 19.Rc2 f5 20.e3 Nd6 21.Rd1 Nc4 22.Bc1 Bf8 23.Na2 Nf6
24.Ne1 Qf7 25.Nd3 Bd6 26.Rf1 Qh5 27.Nc3 Rad8 28.Nd1 Re7  1/2-1/2

[Event "Lone Pine"]
[Site "Lone Pine"]
[Date "1980.??.??"]
[Round "5"]
[White "Gheorghiu, Florin"]
[Black "Whitehead, Jay E"]
[Result "1-0"]
[WhiteElo "2605"]
[BlackElo "2240"]

1.d4 Nf6 2.c4 e6 3.Nf3 b6 4.a3 c5 5.e3 a6 6.Nc3 Bb7 7.Bd3 Be7 8.O-O d6 9.Rb1 Nbd7
10.b4 O-O 11.Bb2 h6 12.Qe2 Qc7 13.Rfd1 Rfe8 14.Rbc1 Bf8 15.Nd2 Rac8 16.Bb1 cxd4
17.exd4 d5 18.cxd5 exd5 19.Qf3 Qb8 20.b5 a5 21.Ba2 Qa8 22.Nf1 Ne4 23.Nxe4 Rxe4
24.Ne3 Rce8 25.Bb1 R4e7 26.a4 Nf6 27.Rd3 Re6 28.Ba3 Bxa3 29.Rxa3 Ne4 30.Qd1 Nd6
31.Ba2 Qd8 32.Qh5 Rg6 33.Rac3 Qf6 34.Bb1 Rg5 35.Qd1 Nc4 36.h4 Rg3 37.fxg3 Nxe3
38.Qd3 Re4 39.Rc8+  1-0

[Event "Lone Pine"]
[Site "Lone Pine"]
[Date "1980.??.??"]
[Round "6"]
[White "Panno, Oscar"]
[Black "Reshevsky, Samuel Herman"]
[Result "1-0"]
[WhiteElo "2540"]
[BlackElo "2490"]

1.d4 Nf6 2.c4 e6 3.Nf3 b6 4.a3 Bb7 5.Nc3 d5 6.cxd5 exd5 7.Bg5 Be7 8.Bxf6 Bxf6
9.g3 O-O 10.Bg2 c5 11.O-O Na6 12.e3 cxd4 13.exd4 Re8 14.Qa4 Nc7 15.Rfe1 Rxe1+
16.Rxe1 Qd6 17.Ne5 Ne6 18.h4 g6 19.Bh3 Nf8 20.Nb5 Qd8 21.Rc1 a6 22.Nc7 Rb8
23.Qb4 b5 24.Qc5 Bc8 25.Bg2 Bb7 26.Bxd5 Bxd5 27.Qxd5 Ne6 28.Rc6 Bxe5 29.dxe5 Nxc7
30.Qxd8+ Rxd8 31.Rxc7 Rd2 32.Ra7 Rxb2 33.Rxa6 Re2 34.f4 h5 35.Rb6 Rb2 36.a4 Rb3
37.Rxb5 Rxg3+ 38.Kf2 Rg4 39.Ke3 Rxh4 40.a5 Rh3+ 41.Kd4 Rf3 42.Kc5 Rxf4 43.a6 Ra4
44.Kb6 h4 45.Ra5 Rb4+ 46.Kc7 Rc4+ 47.Kd7 Rd4+ 48.Ke7  1-0

[Event "WchT U26"]
[Site "Mexico"]
[Date "1980.??.??"]
[Round "?"]
[White "Henley, Ron W"]
[Black "Rodriguez, A."]
[Result "1-0"]
[WhiteElo "2405"]
[BlackElo "2420"]

1.d4 Nf6 2.c4 e6 3.Nf3 b6 4.a3 Bb7 5.Nc3 d5 6.cxd5 exd5 7.Bg5 Be7 8.g3 O-O
9.Bg2 c5 10.O-O Na6 11.e3 Ne4 12.Bxe7 Qxe7 13.Rc1 Nxc3 14.Rxc3 c4 15.Qa4 Nc7
16.b3 cxb3 17.Qxb3 Ba6 18.Rfc1 Bc4 19.Qb2 b5 20.Ne5 Qd6 21.a4 a6 22.Nxc4 bxc4
23.e4 Rab8 24.Qa2 dxe4 25.Rxc4 Nd5 26.Bxe4 Nb6 27.Rc6 Qxd4 28.Qc2 g6 29.a5 Nc8
30.Qc4 Qd2 31.Qxa6 Rb2 32.Rf1 Rb4 33.Bg2 Ne7 34.Rc7 Nf5 35.Qa7 Ra4 36.a6 Qe2
37.Bb7 Nd4 38.Qc5 Nf3+ 39.Bxf3 Qxf3 40.a7 Rd8 41.Qe7 Ra8 42.Qd7 Ra6 43.Qd4 Qa3
44.Rfc1  1-0

[Event "New York Inv"]
[Site "New York"]
[Date "1980.??.??"]
[Round "1"]
[White "Matera, Salvatore"]
[Black "Burger, Karl"]
[Result "0-1"]
[WhiteElo "2410"]
[BlackElo "2335"]

1.d4 Nf6 2.c4 e6 3.Nf3 b6 4.a3 c5 5.d5 Ba6 6.Qc2 Qe7 7.dxe6 Qxe6 8.b3 Bb7
9.Nbd2 g6 10.Bb2 Bg7 11.g3 Nc6 12.Bg2 h6 13.O-O O-O 14.Rad1 Rad8 15.e3 Rfe8
16.Nb1 Na5 17.Nc3 d5 18.cxd5 Nxd5 19.Nxd5 Bxd5 20.Bxg7 Bxb3 21.Qc3 Bxd1 22.Nd2 Be2
23.Ne4 Bxf1 24.Bh8 Kf8 25.Bg7+ Ke7 26.Bf6+ Kd7 27.Nxc5+ bxc5 28.Bxf1 Nc6
29.Bc4 Qe4 30.Bd3 Qf3 31.Qc4  0-1

[Event "New York MCC"]
[Site "New York"]
[Date "1980.??.??"]
[Round "1"]
[White "Kastner, Jeffrey"]
[Black "Peters, John A"]
[Result "1/2-1/2"]
[WhiteElo "2240"]
[BlackElo "2465"]

1.d4 Nf6 2.c4 e6 3.Nf3 b6 4.a3 Bb7 5.Nc3 d5 6.cxd5 exd5 7.Bf4 Bd6 8.Bxd6 Qxd6
9.e3 O-O 10.b4 c6 11.Qb3 a5 12.Rc1 Nbd7 13.Be2 b5 14.O-O Nb6 15.Bd3 Nc4 16.e4 dxe4
17.Nxe4 Nxe4 18.Bxe4 axb4 19.axb4 Ra3 20.Qb1 g6 21.Ne5 Nxe5 22.dxe5 Qxe5  1/2-1/2

[Event "New York Inv"]
[Site "New York"]
[Date "1980.??.??"]
[Round "2"]
[White "Burger, Karl"]
[Black "Zaltsman, Vitaly F"]
[Result "1/2-1/2"]
[WhiteElo "2335"]
[BlackElo "2460"]

1.d4 Nf6 2.c4 e6 3.Nf3 b6 4.a3 Bb7 5.Nc3 Ne4 6.Nxe4 Bxe4 7.e3 c5 8.Bd3 Bxd3
9.Qxd3 cxd4 10.exd4 d5 11.Bg5 f6 12.Bf4 Nc6 13.O-O dxc4 14.Qxc4 Qd5 15.Qa6 Ne7
16.Rac1 Ng6 17.Bg3 Be7 18.Rc7 Kf7 19.Rfc1 Rhd8 20.h3 Kg8 21.Rxa7 Rxa7 22.Qxa7 Qb3
23.Bc7 Qxb2 24.Re1 Rd7 25.Qxb6 Qxb6 26.Bxb6 Bxa3 27.Rxe6 Nf4 28.Re4 Bd6 29.Re8+ Kf7
30.Rd8 Rxd8 31.Bxd8 Ke6 32.Bb6 Kd5 33.Kf1 Bb4  1/2-1/2

[Event "New York Inv"]
[Site "New York"]
[Date "1980.??.??"]
[Round "4"]
[White "Matera, Salvatore"]
[Black "Zaltsman, Vitaly F"]
[Result "1-0"]
[WhiteElo "2410"]
[BlackElo "2460"]

1.d4 Nf6 2.c4 e6 3.Nf3 b6 4.a3 Bb7 5.Nc3 d5 6.cxd5 exd5 7.g3 Be7 8.Bg2 O-O
9.O-O Na6 10.b4 c6 11.b5 Nc7 12.bxc6 Bxc6 13.Qb3 Ne6 14.a4 Ne4 15.Ba3 Nxc3
16.Qxc3 Rc8 17.Rfc1 Rc7 18.Qb3 Bxa3 19.Qxa3 Re8 20.e3 Qe7 21.Ne5 Qxa3 22.Rxa3 Bb7
23.Rxc7 Nxc7 24.Rc3 Re7 25.Nc6 Bxc6 26.Rxc6 Kf8 27.a5 bxa5 28.Rc5 Rd7 29.Bh3 Re7
30.Rxa5 a6 31.Bf1 Rd7 32.Bxa6 Nxa6 33.Rxa6 Ke7 34.g4 h6 35.h4 Rb7 36.Kh2 Rb2
37.Kg2 Rc2 38.h5 Rb2 39.Ra8 Rc2 40.Rg8 Rc6 41.Kg3 Rd6 42.f4 Kf6 43.Re8 g6
44.hxg6 fxg6 45.Re5 Kf7 46.Kh4 Kf6 47.g5+ hxg5+ 48.fxg5+ Kf7 49.Kg4 Rd8 50.Kf3 Rd7
51.Ke2 Rd8 52.Kd3 Rd7 53.Kc3 Rc7+ 54.Kb4 Rc4+ 55.Kb3 Rc7 56.Rxd5 Re7 57.Kc4 Rxe3
58.Re5 Ra3 59.d5 Ra5 60.Kb4  1-0

[Event "New York Inv"]
[Site "New York"]
[Date "1980.??.??"]
[Round "5"]
[White "Gruchacz, Robert"]
[Black "Burger, Karl"]
[Result "1/2-1/2"]
[WhiteElo "2365"]
[BlackElo "2335"]

1.d4 Nf6 2.c4 e6 3.Nf3 b6 4.a3 Bb7 5.Nc3 Ne4 6.Nxe4 Bxe4 7.e3 c5 8.Bd3 Bxf3
9.Qxf3 Nc6 10.Be4 Rc8  1/2-1/2

[Event "Rubinstein mem"]
[Site "Polanica Zdroj"]
[Date "1980.??.??"]
[Round "11"]
[White "Plachetka, Jan"]
[Black "Romanishin, Oleg M"]
[Result "1/2-1/2"]
[WhiteElo "2480"]
[BlackElo "2580"]

1.d4 Nf6 2.c4 e6 3.Nf3 b6 4.a3 Ba6 5.e3 d5 6.Nbd2 Be7 7.b4 O-O 8.Bb2 dxc4
9.Bxc4 Bxc4 10.Nxc4 Qd5 11.Qe2 Nc6 12.Ncd2 Ne4 13.Nxe4 Qxe4 14.O-O Bd6 15.Rfc1 Ne7
16.Qc2 Qg4 17.h3 Qh5 18.e4 Bf4  1/2-1/2

[Event "ARG-ch"]
[Site "Quilmes"]
[Date "1980.??.??"]
[Round "12"]
[White "Bronstein, Luis"]
[Black "Cuasnicu, Oscar"]
[Result "0-1"]
[WhiteElo "2420"]
[BlackElo "2400"]

1.d4 Nf6 2.c4 e6 3.Nf3 b6 4.a3 Bb7 5.Nc3 Be7 6.d5 d6 7.g3 e5 8.Bg2 O-O 9.O-O Ne8
10.e4 Nd7 11.b4 c6 12.Be3 cxd5 13.cxd5 g6 14.h4 Ng7 15.Bh6 Nf6 16.Bh3 Bc8
17.Bxc8 Rxc8 18.Rc1 Qd7 19.Qd3 Nfh5 20.Qb5 Qh3 21.Ne2 Qg4 22.Nh2 Qh3 23.Rxc8 Rxc8
24.Rc1 Nf6 25.Rxc8+ Qxc8 26.Bg5 Qc2 27.Bxf6 Bxf6 28.Ng4 Nh5 29.f3 Kg7 30.Kf2 Bxh4
31.gxh4 Nf4 32.Nh2 Qd2  0-1

[Event "ARG-ch"]
[Site "Quilmes"]
[Date "1980.??.??"]
[Round "12"]
[White "Panno, Oscar"]
[Black "Debarnot, Roberto"]
[Result "1/2-1/2"]
[WhiteElo "2540"]
[BlackElo "2430"]

1.d4 Nf6 2.c4 e6 3.Nf3 b6 4.a3 Bb7 5.Nc3 Be7 6.d5 d6 7.g3 e5 8.e4 a5 9.Rb1 O-O
10.Bd3 Ne8 11.g4 g6 12.h4 Bc8 13.Rg1 Ng7 14.h5 Nd7 15.Be2 Nf6 16.Nh2 Nd7
17.hxg6 fxg6 18.g5 Kh8 19.Be3 Nc5 20.b4 axb4 21.axb4 Ra3 22.bxc5 Rxc3 23.cxb6 Rxe3
24.fxe3 Bxg5 25.Kd2 cxb6 26.Qb3 Ne8 27.Qxb6 Nf6 28.Bf3 Nd7 29.Qxd6 Be7 30.Qc6 Qa5+
31.Kc2 Qa3 32.Rb3 Qa2+ 33.Rb2 Qa3 34.Rb3 Qa2+ 35.Rb2 Qa3 36.Rb3  1/2-1/2

[Event "URS-ch U26"]
[Site "Riga"]
[Date "1980.??.??"]
[Round "?"]
[White "Lputian, Smbat G"]
[Black "Kharitonov, Andrei Y"]
[Result "1/2-1/2"]
[WhiteElo "2445"]
[BlackElo "2435"]

1.d4 Nf6 2.c4 e6 3.Nf3 b6 4.a3 Bb7 5.Nc3 d5 6.cxd5 exd5 7.g3 Be7 8.Bg2 O-O
9.O-O c5 10.Bf4 Na6 11.Ne5 Ne4 12.Nxe4 dxe4 13.dxc5 Nxc5 14.Qc2 Rc8 15.Rfd1 Qe8
16.Bh3 Rd8 17.b4 Ne6 18.Bxe6 fxe6 19.Qc7 Bd5 20.Qxa7 Bf6 21.Qc7 Qh5 22.e3 Rc8
23.Qd6 Rcd8 24.Qc7 Rc8 25.Qd6 Rcd8  1/2-1/2

[Event "Rome"]
[Site "Rome"]
[Date "1980.??.??"]
[Round "1"]
[White "Tatai, Stefano"]
[Black "Rodriguez Vargas, Orestes"]
[Result "1-0"]
[WhiteElo "2480"]
[BlackElo "2445"]

1.d4 Nf6 2.c4 e6 3.Nf3 b6 4.a3 Bb7 5.Nc3 d5 6.cxd5 exd5 7.Bg5 Be7 8.Bxf6 Bxf6
9.g3 O-O 10.Bg2 Qe7 11.O-O Rd8 12.Rc1 c5 13.dxc5 bxc5 14.Qc2 Na6 15.Rfd1 Rac8
16.Ne1 Nc7 17.e3 Ba8 18.b4 cxb4 19.axb4 Qxb4 20.Nxd5 Bxd5 21.Bxd5 g6 22.Ba2 Rxd1
23.Qxd1 Qe7 24.Qc2 Be5 25.Nf3 Bd6 26.h4 Rf8 27.Ng5 Ne8 28.Qd3 Be5 29.Rc6 a5
30.Rxg6+  1-0

[Event "Skien op"]
[Site "Skien"]
[Date "1980.??.??"]
[Round "5"]
[White "Goodman, David SC"]
[Black "Henttinen, Markku IO"]
[Result "1/2-1/2"]
[WhiteElo "2375"]
[BlackElo "2215"]

1.d4 Nf6 2.c4 e6 3.Nf3 b6 4.a3 d5 5.Nc3 Be7 6.cxd5 exd5 7.Qa4+ c6 8.Bg5 O-O
9.e3 Bb7 10.Ne5 Nfd7 11.Bxe7 Qxe7 12.Nd3 c5 13.Nf4 cxd4 14.Nfxd5 Bxd5 15.Nxd5 Qd6
16.Qxd4 Nc6 17.Qd1 Nc5 18.Bb5 Ne5 19.Nf4 Qf6 20.O-O Rfd8 21.Qc2 g5 22.Ne2 a6
23.Ba4 Nxa4 24.Qxa4 Rd2 25.Qe4 Rad8 26.Nd4 Rxb2 27.Rac1 Rd2 28.Qb7 Nd3 29.Rc8 Nc5
30.Qb8 Rxc8 31.Qxc8+ Kg7 32.g4 Kg6 33.Nf5 Rd8 34.Qc7 Rd7 35.Qb8 Rd8 36.Qc7 Rd7
37.Qb8  1/2-1/2

[Event "Smederevska Palanka"]
[Site "Smederevska Palanka"]
[Date "1980.??.??"]
[Round "?"]
[White "Ristic, Nenad"]
[Black "Ree, Hans"]
[Result "1-0"]
[WhiteElo "2325"]
[BlackElo "2520"]

1.d4 Nf6 2.Nf3 e6 3.c4 b6 4.a3 c5 5.e3 Bb7 6.Nc3 cxd4 7.exd4 Ne4 8.Nxe4 Bxe4
9.Bd3 Bxd3 10.Qxd3 d5 11.Bg5 Be7 12.Bxe7 Qxe7 13.O-O Qd6 14.Rfe1 Nd7 15.Ng5 Rc8
16.Qf5  1-0

[Event "Rilton Cup"]
[Site "Stockholm"]
[Date "1980.??.??"]
[Round "?"]
[White "Schussler, Harry"]
[Black "Bergstrom, Christer"]
[Result "1-0"]
[WhiteElo "2420"]
[BlackElo "2285"]

1.d4 Nf6 2.Nf3 e6 3.c4 b6 4.a3 Bb7 5.Nc3 Ne4 6.Nxe4 Bxe4 7.e3 Be7 8.Bd3 Bxd3
9.Qxd3 O-O 10.e4 d5 11.O-O dxe4 12.Qxe4 Nd7 13.Qc6 Nf6 14.Rd1 Bd6 15.Qa4 Qe8
16.Qc2 Qc6 17.Re1 b5 18.b3 a5 19.Ne5 Bxe5 20.Rxe5 bxc4 21.bxc4 Rfd8 22.Bb2 Rd5
23.Re3 Rg5 24.Rg3 Rxg3 25.hxg3 Rb8 26.Re1 Nd7 27.Qc3 Qb6 28.Ba1 Qb3 29.d5 Qxc3
30.Bxc3 exd5 31.cxd5 a4 32.Ba5 Rc8 33.Rc1 f6 34.Bxc7 Kf7 35.d6 Re8 36.Rc4 Re1+
37.Kh2 Re2 38.f4  1-0

[Event "Rilton Cup"]
[Site "Stockholm"]
[Date "1980.??.??"]
[Round "?"]
[White "Schussler, Harry"]
[Black "Ornstein, Axel"]
[Result "0-1"]
[WhiteElo "2420"]
[BlackElo "2450"]

1.d4 Nf6 2.c4 e6 3.Nf3 b6 4.a3 Bb7 5.Nc3 d5 6.cxd5 Nxd5 7.Qc2 c5 8.e4 Nxc3
9.bxc3 Nc6 10.Bc4 a6 11.Qd3 cxd4 12.cxd4 b5 13.Bb3 g6 14.O-O Bg7 15.Be3 O-O
16.Rfd1 Na5 17.Ba2 Rc8 18.Nd2 Qc7 19.a4 bxa4 20.Qa3 Qc3 21.Qxc3 Rxc3 22.Rdb1 Rfc8
23.Kf1 Bc6 24.Ke1 Bb5 25.Kd1 Nc6 26.d5 exd5 27.Bxd5 Nd4 28.Bxd4 Bxd4  0-1

[Event "SWE-ch"]
[Site "?"]
[Date "1980.??.??"]
[Round "?"]
[White "Renman, Nils Gustaf"]
[Black "Bergstrom, Christer"]
[Result "1/2-1/2"]
[WhiteElo "2425"]
[BlackElo "2285"]

1.d4 Nf6 2.Nf3 e6 3.c4 b6 4.a3 Bb7 5.Nc3 d5 6.cxd5 exd5 7.g3 Bd6 8.Bg2 O-O
9.Bg5 Nbd7 10.O-O Re8 11.Rc1 h6 12.Bxf6 Nxf6 13.Qb3 Qd7 14.Rfd1 Rac8 15.e3 c6
16.a4 Ba6 17.Nd2 Qf5 18.Re1 Ng4 19.Nd1 Nf6 20.Nc3 Ng4 21.Nd1 Nf6  1/2-1/2